Oxford science shelf Instant access to Oxford reference- CD-ROM Windows version. (Record no. 12179)

MARC details
000 -LEADER
fixed length control field 00528nam a2200157Ia 4500
003 - CONTROL NUMBER IDENTIFIER
control field IN-BaIIA
008 - FIXED-LENGTH DATA ELEMENTS--GENERAL INFORMATION
fixed length control field 211028s9999 xx 000 0 eng d
040 ## - CATALOGING SOURCE
Transcribing agency IIA Library
080 ## - UNIVERSAL DECIMAL CLASSIFICATION NUMBER
Universal Decimal Classification number 5(086.8)
Item number OUP
110 ## - MAIN ENTRY--CORPORATE NAME
Corporate name or jurisdiction name as entry element Oxford University Press
9 (RLIN) 14272
245 #0 - TITLE STATEMENT
Title Oxford science shelf Instant access to Oxford reference- CD-ROM Windows version.
Statement of responsibility, etc. Oxford University Press
260 ## - PUBLICATION, DISTRIBUTION, ETC.
Place of publication, distribution, etc. Oxford
Name of publisher, distributor, etc. Oxford University Press
Date of publication, distribution, etc. 1994
300 ## - PHYSICAL DESCRIPTION
Extent 35p.
650 ## - SUBJECT ADDED ENTRY--TOPICAL TERM
Topical term or geographic name entry element Oxoford reference
9 (RLIN) 21263
942 ## - ADDED ENTRY ELEMENTS (KOHA)
Koha item type Books
Holdings
Withdrawn status Lost status Damaged status Not for loan Home library Current library Shelving location Date acquired Cost, normal purchase price Total Checkouts Full call number Barcode Date last seen Cost, replacement price Price effective from Koha item type Purchase Price
        IIA Library-Bangalore IIA Library-Bangalore General Stacks 06/08/1997 1000.00   5(086.8)/OUP 13095 05/11/2021 1000.00 06/08/1997 Books Rs. 1000.00

Powered by Koha